000 00359pab a2200157 454500
008 180718b2003 xxu||||| |||| 00| 0 eng d
100 _aSiddiqui, M.Y.
245 _aIndian railways: glorious 150 years
260 _c2003
300 _ap.51-53.
362 _aJan
650 _aRailways - India
650 _aRailways
773 _aYojana
909 _a58992
999 _c58992
_d58992